000 00430 a2200157 4500
003 OSt
005 20240112120734.0
008 240112b |||||||| |||| 00| 0 eng d
040 _coclc
082 _a297
_bVID/I
100 _aVidyanagar, S M
_910266
245 _aIslam nithyaprasaktham /
_cS M Vidhyanagar
260 _aKerala:
_bKNM,
_c2008.
300 _a48p
942 _2ddc
_cBK
_h297
_iVID/I
_k297
_mVID/I
999 _c43179
_d43179